| 000 | 01033nac a22002651i 4500 | ||
|---|---|---|---|
| 003 | EG-ScBUE | ||
| 005 | 20241109103554.0 | ||
| 008 | 241109s1957 enk f b 001 0 eng d | ||
| 040 |
_aEG-ScBUE _beng _erda _cEG-ScBUE _dEG-ScBUE |
||
| 082 | 0 | 4 |
_a515.7 _bHIL _222 |
| 100 | 1 |
_aHille, Einar, _d1894-1979, _eauthor. |
|
| 245 | 1 | 0 |
_aFunctional analysis and semi-groups / _cBy Einar Hille, professor of mathematics, Yale University, and Ralph S. Phillips, professor of mathematics, University of Southern, California. |
| 250 | _aRevised edition. | ||
| 264 | 1 |
_aProvidence, Rhode Island : _bAmerican Mathematical Society, _c1957. |
|
| 300 |
_axii. 808 pages ; _c24 cm |
||
| 336 |
_2rdacontent _atext _btxt |
||
| 337 |
_aunmediated _2rdamedia _bn |
||
| 338 |
_avolume _bnc _2rdacarrier |
||
| 504 | _aIncludes bibliographical references and index. | ||
| 650 | 7 |
_aFunctional analysis. _2BUEsh |
|
| 650 | 7 |
_aTopology. _2BUEsh |
|
| 655 | _vReading book | ||
| 700 | 1 |
_aPhillips, Ralph S. _q(Ralph Saul), _d1913- _ejoint author. |
|
| 942 |
_cBB _2ddc |
||
| 999 |
_c4409 _d4409 |
||